000 00258nam a2200097Ia 4500
001 775350
005 20250826165828.0
008 250824s9999 xx 000 0 und d
245 0 _aŞAHİN BEY ANTEP ŞEHİDİ
_cİBRAHİM ÜNSAL
260 _bGENÇ HAYAT YAYINLARI
999 _c775350
_d775350